Take a look : (Record no. 187)
[ view plain ]
| 000 -LEADER | |
|---|---|
| fixed length control field | 01361cam a22002898a 4500 |
| 003 - CONTROL NUMBER IDENTIFIER | |
| control field | OSt |
| 005 - DATE AND TIME OF LATEST TRANSACTION | |
| control field | 20210609065514.0 |
| 008 - FIXED-LENGTH DATA ELEMENTS--GENERAL INFORMATION | |
| fixed length control field | 210609b ||||| |||| 00| 0 eng d |
| 020 ## - INTERNATIONAL STANDARD BOOK NUMBER | |
| International Standard Book Number | 0201396025 : |
| 040 ## - CATALOGING SOURCE | |
| Transcribing agency | ALUPE UNIVERSITY |
| 050 99 - LIBRARY OF CONGRESS CALL NUMBER | |
| Classification number | HQ767.85 |
| Item number | .M378 1999 |
| 092 ## - LOCALLY ASSIGNED DEWEY CALL NUMBER (OCLC) | |
| Classification number | 155.4072 |
| Item number | M383, T136, 1999 |
| 100 1# - MAIN ENTRY--PERSONAL NAME | |
| Personal name | Martin, Sue, |
| Dates associated with a name | 1951- |
| Authority record control number or standard number | http://id.loc.gov/authorities/names/no2019130501 |
| 245 10 - TITLE STATEMENT | |
| Title | Take a look : |
| Remainder of title | observation and portfolio assessment in early childhood / |
| Statement of responsibility, etc. | Sue Martin. |
| 250 ## - EDITION STATEMENT | |
| Edition statement | 2nd ed. |
| 260 ## - PUBLICATION, DISTRIBUTION, ETC. | |
| Place of publication, distribution, etc. | Don Mills, Ont. ; |
| -- | Reading, Massachusetts : |
| Name of publisher, distributor, etc. | Addison-Wesley, |
| Date of publication, distribution, etc. | 1999. |
| 300 ## - PHYSICAL DESCRIPTION | |
| Extent | xii, 372 p. : |
| Other physical details | ill. ; |
| Dimensions | 23 cm. |
| 504 ## - BIBLIOGRAPHY, ETC. NOTE | |
| Bibliography, etc. note | Includes bibliographical references and index. |
| 650 #0 - SUBJECT ADDED ENTRY--TOPICAL TERM | |
| Topical term or geographic name entry element | Child development |
| General subdivision | Research. |
| Authority record control number or standard number | http://id.loc.gov/authorities/subjects/sh85023360 |
| 650 #0 - SUBJECT ADDED ENTRY--TOPICAL TERM | |
| Topical term or geographic name entry element | Child psychology |
| General subdivision | Research. |
| Authority record control number or standard number | http://id.loc.gov/authorities/subjects/sh2009118982 |
| 650 #0 - SUBJECT ADDED ENTRY--TOPICAL TERM | |
| Topical term or geographic name entry element | Child development |
| Authority record control number or standard number | http://id.loc.gov/authorities/subjects/sh85023357 |
| General subdivision | Evaluation. |
| Authority record control number or standard number | http://id.loc.gov/authorities/subjects/sh00005674 |
| 650 #0 - SUBJECT ADDED ENTRY--TOPICAL TERM | |
| Topical term or geographic name entry element | Child psychology |
| Authority record control number or standard number | http://id.loc.gov/authorities/subjects/sh85023380 |
| General subdivision | Evaluation. |
| Authority record control number or standard number | http://id.loc.gov/authorities/subjects/sh00005674 |
| 650 #0 - SUBJECT ADDED ENTRY--TOPICAL TERM | |
| Topical term or geographic name entry element | Observation (Psychology) |
| Authority record control number or standard number | http://id.loc.gov/authorities/subjects/sh85093747 |
| 942 ## - ADDED ENTRY ELEMENTS (KOHA) | |
| Source of classification or shelving scheme | |
| Koha item type | Book |
| Suppress in OPAC | SO |
| Withdrawn status | Lost status | Source of classification or shelving scheme | Damaged status | Not for loan | Permanent Location | Current Location | Shelving location | Date acquired | Total Checkouts | Full call number | Barcode | Date last seen | Date last checked out | Copy number | Price effective from | Koha item type | Public note |
|---|---|---|---|---|---|---|---|---|---|---|---|---|---|---|---|---|---|
| AU LIBRARY | AU LIBRARY | Open Shelf | 09.06.2021 | 2 | BF722 .M37 1999 C1 | 28001067 | 09.06.2021 | 09.06.2021 | 1 | 09.06.2021 | Book | SO | |||||
| AU LIBRARY | AU LIBRARY | Open Shelf | 09.06.2021 | BF722 .M37 1999 C2 | 28000043 | 09.06.2021 | 2 | 09.06.2021 | Book | SO |